Géographie - Que sont devenus ces pays ? - Statistiques

Statistiques générales
  • Ce quiz a été pris 201 fois
    123 depuis la dernière actualisation
  • Le résultat moyen est 75 sur 102
Statistiques - réponses
Ancien pays Pays actuel % Correct
Allobroges | Aquitaine | Austrasie | +4 others France
98%
Armorique Gaule
98%
Bavière | Confédération du Rhin | Palatinat | +4 others Allemagne
97%
13 colonies | Cahokia | Louisiane française Etats-Unis
96%
Dali | Mandchoukouo | Tibet Chine
95%
Aragon | Asturies | Castille | Leon Espagne
94%
Etats pontificaux | Etrurie | République de Salo Italie
92%
Empire aztèque Mexique
91%
Calédonie | Merci | Northumbrie | Royaume de Kent Royaume-Uni
89%
Empire Luba | Katanga | Sud-Kasai | Zaïre Congo
87%
Empire Sassanide | Perse Iran
87%
Empire d'Angkor | Empire khmer | Fou-nan | Kampuchéa démocratique Cambodge
84%
Khanat de Sibir Russie
84%
Transjordanie Jordanie
81%
Dacie | Principautés Unies | Transylvanie | Valachie Roumanie
81%
République helvétique Suisse
80%
Royaume de Lanna | Siam Thaïlande
79%
Batavie Pays-Bas
78%
Connacht | Leinster | Mide | Ulster Irlande
77%
Gaule Belgique
74%
Dahomey Bénin
72%
Somaliland Somalie
72%
Huronie Canada
71%
Annam Viet-Nam
70%
Transvaal Afrique-du-Sud
69%
Empire Chola Inde
69%
Royaume du Congrès Pologne
69%
Abyssinie Ethiopie
68%
Moluques du sud | Royaume de Mataram Indonésie
68%
Dalmatie Croatie
66%
Royaume de Samarie Israël
66%
Royaume du Koush Egypte
65%
Ifni Maroc
64%
Royaume de Lao Xang Laos
63%
Haute Volta Burkina Faso
60%
Ceylan Sri Lanka
60%
Phénicie Liban
58%
République houtsoule Ukraine
58%
Royaume Lakhmide Arabie saoudite
57%
Tanganyika Tanzanie
57%
Baekje | Royaume de Goryeo Corée
55%
Royaume des Suèves Portugal
55%
Bénin Nigeria
53%
Sarawak Malaisie
51%
Colchide Géorgie
50%
Khanat de Kazan Bulgarie
48%
Empire Ashanti Ghana
47%
Sabah Yémen
45%
Empire des Ghaznévides | Empire des Ghorides Afghanistan
44%
Atropatène Azerbaïdjan
44%
Royaume de Pagan Birmanie
44%
Baguirmi | Royaume du Ouaddaï Tchad
43%
Illyrie Albanie
42%
Bechuanaland Botswana
37%
Afars et Isas Djibouti
36%
Oubangui-Chari Centrafrique
33%
Los Altos Guatemala
33%
Anjouan Comores
31%
Merina Madagascar
30%
Nouvelles-Hébrides Vanuatu
30%
Aucun quiz correspondant
Distribution des résultats
% des personnes avec chaque résultat
Percentile par nombre de réponses
Votre historique - résultats
Vous n’avez pas pris ce quiz depuis la dernière actualisation